Statystyki dla Chivas - nauczyłem się przeklinać

Kliknij tutaj aby rozwiązać quiz!

Ogólne statystyki

  • Ten quiz został rozwiązany 482 razy
  • Średni wynik to 12 z 15

Statystyki odpowiedzi

NumerGośćUtwór% Poprawnych
7White 2115Mam Na Twarzy Krew I Tym Razem Nie Jest Sztuczna
93%
4XO
91%
12White 2115 & SzpakuHellcat Redeye
88%
2Odkąd Nauczyłem Się Przeklinać
88%
Bonus TrackSzpakuNajlepsi Pod Słońcem
86%
8Jakbym Miał W Ręku Klamkę
84%
10Młody Say10
84%
5Palenie Zabija
83%
11Charger
81%
1To Dopiero Początek
79%
14To Nie Koniec
77%
3Generacja Hip Hop
74%
9Comme Des Garcons
73%
6Death Metalowy T-Shirt
73%
13Zabij Dla Mnie
73%

Rozkład punktacji

Percentyl według liczby udzielonych odpowiedzi

Procent ludzi z każdym wynikiem

Twoja historia wyników

Nie rozwiązałeś tego quizu